000 00742nas a2200253 454500
001 37265
005 20260407193509.0
008 260407s2004####ag###########|||spa#d
003 AR-UNSa-BCEJYS
040 _aAR-UNSa-BCEJYS
_bspa
_cAR-UNSa-BCEJYS
080 _a35
_xAdministración Pública
245 1 0 _aDoctrina pública
264 1 _aBuenos Aires :
_bEdiciones Rap
_c2004
310 _aFrecuencia: Semestral
041 _aspa
942 _cSER
590 _aniveau_biblio:s niveau_hierar:1
100 1 _aMertehikian, Eduardo
650 _aADMINISTRACION PUBLICA
650 _aDerecho
650 _aJURISPRUDENCIA
650 _aDOCTRINA
856 4 1 _uhttps://170.210.207.44/pmb/images/revistas/R19456.jpg
_yImagen de portada
_qimage/jpeg
999 _c8810
_d8810